Cours de philosophie : critériologie générale ou traité général de la certitude /

Contiene: I). Estado de la cuestión o planteamiento del problema general de la certeza; II). Del estado inicial de la inteligencia ante el problema de la certeza; III). De la objetividad de las proposiciones de orden ideal; IV). Solución del segundo problema fundamental de la criteriología.- Demostr...

Descripción completa

Guardado en:
Detalles Bibliográficos
Autor principal: Mercier, Désiré Joseph (autor)
Formato: Libro
Idioma:Francés
Edición:6a edición
Colección:(Bibliothèque de l'Institut Supérieur de Philosophie)
Temas:
Etiquetas: Agrega una etiqueta
Sin etiquetas, Sé el primero en etiquetar este registro!

MARC

LEADER 00000nam^a2200000^a^4500
001 000342196
005 20250526000000.0
009 20260526141203.648
037 |a Acervo Xavier Clavigero 
041 |a FRA 
082 |a 100.  |b MER V. 4 
100 |a Mercier, Désiré Joseph  |e (autor) 
240 1 1 |a [Curso de filosofía, de Mercier] 
240 1 1 |a [Cours de philosophie, de Mercier] 
240 1 1 |a [Criteriología general o tratado de la certeza] 
245 1 0 |a Cours de philosophie :  |b critériologie générale ou traité général de la certitude /  |c D.J. Mercier. 
250 |a 6a edición 
264 |a Lovaina, Bélgica :  |b Institut Supérieur de Philosophie ;  |a París, Francia :  |b Félix Alcan,  |c 1911 
300 |a 407 p. ;  |c 24.5 cm. 
336 |a texto  |b txt  |2 rdacontenido 
337 |a sin mediación  |b n  |2 rdamedio 
338 |a volumen  |b nc  |2 rdasoporte 
440 1 |a (Bibliothèque de l'Institut Supérieur de Philosophie) 
520 |a Contiene: I). Estado de la cuestión o planteamiento del problema general de la certeza; II). Del estado inicial de la inteligencia ante el problema de la certeza; III). De la objetividad de las proposiciones de orden ideal; IV). Solución del segundo problema fundamental de la criteriología.- Demostración de la realidad objetiva de los conceptos. 
649 |a XX 
650 |a Verdad 
650 |a Duda Metódica 
650 |a Creencia y Duda 
650 |a Inteligencia 
650 |a Evidencia 
650 |a Epistemología -  |x Tema Principal 
650 |a Escepticismo 
650 |a Racionalismo 
650 |a Voluntarismo 
650 |a Pragmatismo 
650 |a Criticismo 
650 |a Positivismo 
650 |a Filosofía -  |x Teoría 
740 |a Critériologie générale ou traité général de la certitude /  |c D.J. Mercier. 
910 |a Fondo General 
920 |a Impresos - Libros 
930 |a Libros Antiguos y Raros 
905 |a 108 
901 |a 012739  |b IT2  |c LRA  |u 20250526 
902 |a https://opac.biblio.iteso.mx/vufind/Record/000342196